000 00555nam a22001937a 4500
003 OSt
005 20210420074907.0
008 201202s1997 ||||| |||| 00| 0 eng d
040 _aeng
_beng
_cDLC
041 _aeng
080 _a821.111
_bD-53
100 _9449
_aDickens, Charles
245 _aGreat Expectations
_c/ by :Book-of-the Month Club
260 _aNew York
_bBook-of-the Month Club
_c1997
300 _a566 p.
_bill.
650 0 _9254
_aEnglish literature
653 _aინგლისური ლიტერატურა
942 _2udc
_cBK
999 _c551
_d551